Регионална библиотека "Любен Каравелов" - Русе

Бамби : приказка със стикери (Запис номер 329446)

MARC детайли
000 -Лидер
Контролно поле с фиксирана дължина 00923nam a22002417a 4500
003 - Код на организацията, давaща контролен номер
Контролно поле BLK
005 - Дата и час на последна редакция
Контролно поле 20240824130254.0
008 - Елементи от данни с фиксирана дължина
fixed length control field 190311b bu ||||| |||| 00| 0 bu d
020 ## - Международен стандартен номер на книга ISBN
Международен стандартен номер на книга ISBN 978-954-685-976-1
040 ## - Източник на каталожния запис
Идентификатор на билиотеката - собственик на записа BLK
041 ## - Код за език
Код за езика на текст/звукозапис или на отделно заглавие Български
Код за езика КДБФ Български
080 ## - УДК
Текстов определител УДК Литература на отделни езици и езикови семейства
УДК код - определител по УДК 821
УДК определител -93-91
УДК - код + определител 821-93-91
080 ## - УДК
Текстов определител УДК Издания за деца и юноши. Книжки-картинки. Читанки. Вж и 372.4
УДК код - определител по УДК 087.5
УДК - код + определител 087.5
139 ## - Редно поле
Редна дума Бамби
Авторски знак Бал - Б 18
245 ## - Сведения за заглавието
Заглавие Бамби : приказка със стикери
260 ## - Област на издателските данни
9 (RLIN) 209582
Място на издаване, разпространение и проч. София
Име на издателя, разпространителя и проч. СофтПрес
Година на издаване 2011
300 ## - Физическа характеристика
Страници 16 с.
Илюстрации и др. с цв. ил., 2 л. стикери
Размери/Мащаб 27 см
380 ## - Жанр
Жанр Детска худож. лит.
700 ## - Други автори (авторска отговорност)
9 (RLIN) 966
Лично име Йотова, Христина Ценкова
Автороска отговорност (Описва отношението между автора и произведението) прев.
999 ## - СИСТЕМНИ КОНТРОЛНИ НОМЕРА
Koha biblionumber 329446
Koha biblioitemnumber 329446
942 ## - АРТИКУЛИ
Вид на библиотечния материал Книги
Скрит в OPAC Не
Koha issues (borrowed), all copies 4
999 ## - СИСТЕМНИ КОНТРОЛНИ НОМЕРА
Koha biblioitemnumber 329446
944 ## - СЪЗДАВАНЕ И РЕДАКЦИЯ на ЗАПИСА
Служител, извършил регистрацията/редакцията 30532
Статус, дата на статуса Лиляна Коева
Наличности
Код за отписване Код за изгубен артикул Източник на класификационната схема Код за повреда Коз за рестрикции Код за отдаване Артикулен № Име на библиотеката - собственик Име на библиотеката, в която се намира в момента Статус (Текущо местоположение) Дата на вписване в системата Местоположение - отдел Цена в лева Систематично азбучна сигнатура Баркод Цена в евро Служебен тип на артикула
  Не е изгубен Universal Decimal Classification Не е повреден без рестрикции заемане за дома 693109 Регионална библиотека "Любен Каравелов" Русе Регионална библиотека "Любен Каравелов" Русе Детски отдел 2019-03-13 Детски отдел 4.95 ДХ 820/899/Б 18 120000830916 2.53 Книги
  Не е изгубен Universal Decimal Classification Не е повреден   ползва се в читалня 730083 Регионална библиотека "Любен Каравелов" Русе Регионална библиотека "Любен Каравелов" Русе Хранилище 2019-07-12 Основен фонд - ползва се само за читалня 4.95 Цб ІІ 23891 120000833323 2.53 Книги
Vip Innovations Ltd, Rousse, Bulgaria 2025